000 00488cam a22001457a 4500
008 180718b2005 xxu||||| |||| 00| 0 eng d
082 _aB73x54 J78r
100 _aJoshi, Ravikant
245 _aRedesigning governance: the relevance of management information system in municipal bodies
_cby Ravikant Joshi
260 _aMumbai
_bYuva Books
_c2005
300 _a216p.
650 _aMunicipal government -India
650 _aLocal government -India
650 _aManagement information system
999 _c502288
_d502288